[Event "Mumbai Mayors Cup 1st"]
[Site "Mumbai"]
[Date "2008.05.11"]
[Round "1"]
[White "Gagunashvili, Merab"]
[Black "Suresh, Joshi"]
[Result "1-0"]
[WhiteElo "2553"]
[BlackElo "1838"]
[PlyCount "65"]
[EventDate "2008.05.11"]
[EventType "swiss"]
[EventRounds "11"]
[EventCountry "IND"]
[SourceTitle "CBM 124 Extra"]
[Source "ChessBase"]
[SourceDate "2008.07.03"]
[SourceVersion "1"]
[SourceVersionDate "2008.07.03"]
[SourceQuality "1"]

1. d4 d5 2. c4 e6 3. Nc3 Nf6 4. Nf3 c6 5. e3 Be7 6. Bd3 Nbd7 7. 0-0 0-0 8. Qe2 Re8 9. e4 Nxe4 10. Nxe4 dxe4 11. Bxe4 Nf8 12. Bf4 Bf6 13. Rad1 Qe7 14. Rfe1 Bd7 15. Qc2 b6 16. d5 cxd5 17. cxd5 Rac8 18. d6 Qd8 19. Qb3 Rc5 20. Re2 Qc8 21. Be3 Rb5 22. Qd3 Rxb2 23. Rc1 Qd8 24. Rxb2 Bxb2 25. Rc7 b5 26. Bxa7 b4 27. Qb3 Ba3 28. Ne5 Qg5 29. Qe3 Qxe3 30. fxe3 Ba4 31. d7 Rd8 32. Rc8 Rxd7 33. Bc5 1-0